Special functions and the theory of group representations /
Guardado en:
| Autor Principal: | |
|---|---|
| Formato: | Libro |
| Idioma: | English Russian |
| Publicado: |
Providence, R.I. :
American Mathematical Society,
1968.
|
| Series: | Translations of mathematical monographs ;
v. 22 |
| Etiquetas: |
Agregar Etiqueta
Sin Etiquetas, Sea el primero en etiquetar este registro!
|
| LEADER | 00942cam a22002175a 4500 | ||
|---|---|---|---|
| 001 | MAT.inmabb002340 | ||
| 008 | 700928s1968####riu######b####001#0#eng#d | ||
| 005 | 20190822131632.0 | ||
| 245 | 1 | 0 | |a Special functions and the theory of group representations / |c by N. Ja. Vilenkin ; [translated from the Russian by V. N. Singh]. |
| 260 | |a Providence, R.I. : |b American Mathematical Society, |c 1968. | ||
| 300 | |a x, 613 p. ; |c 24 cm. | ||
| 440 | 0 | |a Translations of mathematical monographs ; |v v. 22 | |
| 500 | |a Traducción de: Spetsial´nye funktsii i teoriia predstavlenii grupp. Moskva : Nauka, 1965. | ||
| 504 | |a Bibliografía: p. 575-600. | ||
| 510 | 4 | |a MR, |c 35 #420 |3 (para el orig. en ruso) | |
| 100 | 1 | |a Vilenkin, N. IA. |q (Naum IAkovlevich) | |
| 240 | 1 | 0 | |a Spetsial´nye funktsii i teoriia predstavlenii grupp. |l English |
| 084 | |a 33C80 (22-02 33-02) |2 msc2000 | ||
| 010 | |a 68019438 | ||
| 041 | 1 | |a eng |h rus | |
| 859 | |h 22 |i V699 |p A-4006 |b BIB. MATEMATICA | ||
